[Event "27th Summer Universiade in Kazan (Men)"]
[Site "Kazan"]
[Date "2013.07.09"]
[Round "1.1"]
[White "Martins, Vinicius Tine"]
[Black "Andreikin, Dmitry"]
[Result "0-1"]
[LiveChessVersion "1.4.2"]
[BlackElo "2727"]
[WhiteElo "2391"]

1. Nf3 {[%clk 1:30:56]} c5 {[%clk 1:30:53]} 2. c4 {[%clk 1:31:14]} Nf6
{[%clk 1:31:13]} 3. g3 {[%clk 1:31:11]} Nc6 {[%clk 1:30:39]} 4. d4
{[%clk 1:26:06]} cxd4 {[%clk 1:30:24]} 5. Nxd4 {[%clk 1:26:33]} Qb6
{[%clk 1:30:42]} 6. Nb3 {[%clk 1:20:12]} Ne5 {[%clk 1:30:52]} 7. N1d2
{[%clk 1:13:03]} Qc6 {[%clk 1:20:34]} 8. Nf3 {[%clk 1:12:25]} Nxc4
{[%clk 1:18:38]} 9. Bg2 {[%clk 1:12:42]} e6 {[%clk 1:12:22]} 10. O-O
{[%clk 1:12:56]} d5 {[%clk 1:12:46]} 11. Nbd4 {[%clk 1:11:39]} Qb6
{[%clk 1:13:07]} 12. b3 {[%clk 1:05:46]} Nd6 {[%clk 1:13:31]} 13. Be3
{[%clk 0:55:21]} Qd8 {[%clk 1:13:39]} 14. Qd3 {[%clk 0:47:55]} Be7
{[%clk 1:13:58]} 15. Rfc1 {[%clk 0:45:41]} O-O {[%clk 1:14:21]} 16. a4
{[%clk 0:45:10]} a6 {[%clk 1:11:19]} 17. Rc2 {[%clk 0:36:01]} Bd7
{[%clk 1:11:30]} 18. Ne5 {[%clk 0:34:11]} Nde4 {[%clk 1:08:22]} 19. Rac1
{[%clk 0:26:42]} Ba3 {[%clk 1:00:29]} 20. Nxd7 {[%clk 0:20:53]} Qxd7
{[%clk 0:59:04]} 21. Rc7 {[%clk 0:19:10]} Qe8 {[%clk 0:55:51]} 22. R1c2
{[%clk 0:10:07]} Rb8 {[%clk 0:46:56]} 23. f3 {[%clk 0:08:29]} Nd6
{[%clk 0:47:15]} 24. Bg5 {[%clk 0:04:13]} Nd7 {[%clk 0:42:03]} 25. e4
{[%clk 0:02:12]} dxe4 {[%clk 0:34:46]} 26. fxe4 {[%clk 0:02:40]} Rc8
{[%clk 0:34:49]} 27. Rxc8 {[%clk 0:01:07]} Nxc8 {[%clk 0:34:25]} 28. e5
{[%clk 0:01:26]} h6 {[%clk 0:30:40]} 29. Bd2 {[%clk 0:01:01]} Bc5
{[%clk 0:30:22]} 30. b4 {[%clk 0:00:54]} Nxe5 {[%clk 0:29:53]} 31. Qe4
{[%clk 0:00:56]} Bxd4+ {[%clk 0:30:11]} 32. Qxd4 {[%clk 0:01:19]} Qxa4
{[%clk 0:30:34]} 33. Rc1 {[%clk 0:01:09]} Nc6 {[%clk 0:30:16]} 34. Bxc6
{[%clk 0:01:03]} bxc6 {[%clk 0:30:39]} 35. Bxh6 {[%clk 0:01:13]} gxh6
{[%clk 0:24:45]} 36. Qg4+ {[%clk 0:01:22]} Kh8 {[%clk 0:24:32]} 37. Qh4
{[%clk 0:01:25]} Ne7 {[%clk 0:13:53]} 38. Qxe7 {[%clk 0:01:51]} Kg7
{[%clk 0:14:18]} 39. Qd6 {[%clk 0:02:02]} Qb5 {[%clk 0:13:15]} 40. Rxc6
{[%clk 0:01:28]} Rd8 {[%clk 0:12:57]} 41. Qxd8 {[%clk 0:01:49]} Qxc6
{[%clk 0:13:21]} 42. Qd4+ {[%clk 0:02:08]} Kg8 {[%clk 0:13:00]} 43. Qd8+
{[%clk 0:01:57]} Kh7 {[%clk 0:13:22]} 44. Qd3+ {[%clk 0:02:20]} f5
{[%clk 0:12:12]} 45. Qd4 {[%clk 0:02:19]} Kg6 {[%clk 0:12:27]} 46. Qe3
{[%clk 0:00:52]} Qd6 {[%clk 0:12:19]} 47. Qc3 {[%clk 0:00:43]} e5
{[%clk 0:12:37]} 48. Kg2 {[%clk 0:00:53]} Qd5+ {[%clk 0:10:03]} 49. Kh3
{[%clk 0:01:08]} Qe6 {[%clk 0:10:29]} 50. Kg2 {[%clk 0:01:24]} e4
{[%clk 0:10:02]} 51. Qe3 {[%clk 0:00:48]} Qd6 {[%clk 0:10:23]} 52. Qc3
{[%clk 0:01:04]} Qe6 {[%clk 0:08:20]} 53. Qe3 {[%clk 0:01:27]} Qe7
{[%clk 0:08:39]} 54. Qb6+ {[%clk 0:01:46]} Qf6 {[%clk 0:09:04]} 55. Qc5
{[%clk 0:01:53]} Qb2+ {[%clk 0:08:49]} 56. Kh3 {[%clk 0:02:03]} Qe2
{[%clk 0:08:56]} 57. Qc6+ {[%clk 0:02:10]} Kg5 {[%clk 0:09:08]} 58. Qc1+
{[%clk 0:02:00]} e3 {[%clk 0:08:56]} 59. Qa1 {[%clk 0:01:54]} Kh5
{[%clk 0:09:08]} 60. Qb1 {[%clk 0:00:45]} Qf2 {[%clk 0:07:15]} 61. Qd3
{[%clk 0:00:32]} e2 {[%clk 0:07:23]} 62. b5 {[%clk 0:00:37]} Qf1#
{[%clk 0:07:08]} 63. Qd1 0-1

[Event "27th Summer Universiade in Kazan (Men)"]
[Site "Kazan"]
[Date "2013.07.09"]
[Round "1.2"]
[White "Alekseev, Evgeny"]
[Black "Hesham, Abdelrahman"]
[Result "1-0"]
[LiveChessVersion "1.4.2"]
[BlackElo "2375"]
[WhiteElo "2714"]

1. e4 {[%clk 1:30:55]} c5 {[%clk 1:30:54]} 2. Nf3 {[%clk 1:31:21]} d6
{[%clk 1:31:19]} 3. d4 {[%clk 1:31:34]} cxd4 {[%clk 1:31:42]} 4. Qxd4
{[%clk 1:31:47]} Nc6 {[%clk 1:31:46]} 5. Bb5 {[%clk 1:32:04]} Bd7
{[%clk 1:32:12]} 6. Qd3 {[%clk 1:32:25]} Nf6 {[%clk 1:27:44]} 7. c4
{[%clk 1:31:54]} g6 {[%clk 1:25:51]} 8. Nc3 {[%clk 1:32:12]} Bg7 {[%clk 1:26:16]}
9. h3 {[%clk 1:32:24]} O-O {[%clk 1:24:52]} 10. O-O {[%clk 1:32:37]} a6
{[%clk 1:20:39]} 11. Bxc6 {[%clk 1:32:02]} Bxc6 {[%clk 1:20:59]} 12. Nd4
{[%clk 1:32:23]} Rc8 {[%clk 1:18:42]} 13. Be3 {[%clk 1:32:40]} Nd7
{[%clk 1:17:54]} 14. Rac1 {[%clk 1:32:49]} Nc5 {[%clk 1:14:55]} 15. Qc2
{[%clk 1:32:36]} Ne6 {[%clk 1:14:29]} 16. Nxe6 {[%clk 1:32:29]} fxe6
{[%clk 1:14:45]} 17. Qb3 {[%clk 1:32:56]} Bxc3 {[%clk 1:06:32]} 18. Qxc3
{[%clk 1:32:04]} Bxe4 {[%clk 1:05:02]} 19. Bh6 {[%clk 1:32:21]} Rf7
{[%clk 1:02:54]} 20. Qe3 {[%clk 1:30:49]} Bc6 {[%clk 1:02:31]} 21. Qxe6
{[%clk 1:31:12]} Qd7 {[%clk 1:02:41]} 22. Qe3 {[%clk 1:30:23]} Qf5
{[%clk 0:50:18]} 23. Rfe1 {[%clk 1:28:42]} Kh8 {[%clk 0:38:41]} 24. c5
{[%clk 1:09:17]} Qd5 {[%clk 0:32:10]} 25. f3 {[%clk 1:08:19]} dxc5
{[%clk 0:16:11]} 26. Rxc5 {[%clk 1:07:29]} Qxa2 {[%clk 0:15:07]} 27. Qd4+
{[%clk 1:03:16]} Kg8 {[%clk 0:15:00]} 28. Bd2 {[%clk 1:03:40]} e5
{[%clk 0:13:01]} 29. Rcxe5 {[%clk 1:03:19]} Qa4 {[%clk 0:13:20]} 30. b4
{[%clk 1:02:26]} Rd7 {[%clk 0:08:24]} 31. Re8+ {[%clk 0:59:15]} Rxe8
{[%clk 0:08:45]} 32. Rxe8+ {[%clk 0:59:40]} Kf7 {[%clk 0:09:00]} 33. Qh8
{[%clk 1:00:01]} 1-0

[Event "27th Summer Universiade in Kazan (Men)"]
[Site "Kazan"]
[Date "2013.07.09"]
[Round "1.3"]
[White "Meskovs, Nikita"]
[Black "So, Wesley"]
[Result "0-1"]
[LiveChessVersion "1.4.2"]
[BlackElo "2708"]
[WhiteElo "2372"]

1. d4 {[%clk 1:30:57]} Nf6 {[%clk 1:30:52]} 2. c4 {[%clk 1:31:19]} g6
{[%clk 1:16:19]} 3. Nc3 {[%clk 1:31:25]} d5 {[%clk 1:16:42]} 4. Nf3
{[%clk 1:31:48]} Bg7 {[%clk 1:17:10]} 5. Bg5 {[%clk 1:32:07]} Ne4
{[%clk 1:17:38]} 6. cxd5 {[%clk 1:32:28]} Nxg5 {[%clk 1:16:42]} 7. Nxg5
{[%clk 1:32:50]} e6 {[%clk 1:17:07]} 8. Nf3 {[%clk 1:33:14]} exd5
{[%clk 1:17:32]} 9. e3 {[%clk 1:33:37]} a5 {[%clk 1:15:37]} 10. Bd3
{[%clk 1:34:29]} O-O {[%clk 1:14:23]} 11. Rc1 {[%clk 1:29:30]} Re8
{[%clk 1:11:48]} 12. O-O {[%clk 1:27:56]} c6 {[%clk 1:11:44]} 13. a3
{[%clk 1:21:06]} Nd7 {[%clk 1:08:58]} 14. b4 {[%clk 1:11:09]} axb4
{[%clk 0:56:57]} 15. axb4 {[%clk 1:11:13]} b5 {[%clk 0:57:20]} 16. e4
{[%clk 1:10:45]} dxe4 {[%clk 0:39:44]} 17. Nxe4 {[%clk 0:49:24]} Nf8
{[%clk 0:33:43]} 18. Re1 {[%clk 0:35:30]} Bg4 {[%clk 0:23:39]} 19. Rxc6
{[%clk 0:26:24]} Bxf3 {[%clk 0:22:40]} 20. Qxf3 {[%clk 0:23:12]} Qxd4
{[%clk 0:22:38]} 21. Bf1 {[%clk 0:15:31]} Rad8 {[%clk 0:13:27]} 22. Rc7
{[%clk 0:12:56]} Nd7 {[%clk 0:13:28]} 23. Bxb5 {[%clk 0:09:13]} Qxb4
{[%clk 0:11:28]} 24. Qe2 {[%clk 0:07:40]} Rxe4 {[%clk 0:07:55]} 25. Qxe4
{[%clk 0:07:45]} Qxb5 {[%clk 0:08:24]} 26. Rd1 {[%clk 0:07:19]} Be5
{[%clk 0:08:26]} 27. Rcc1 {[%clk 0:04:53]} Re8 {[%clk 0:06:58]} 28. Qd3
{[%clk 0:04:30]} Qxd3 {[%clk 0:07:14]} 29. Rxd3 {[%clk 0:04:59]} Nf6
{[%clk 0:07:42]} 30. g3 {[%clk 0:04:55]} Rb8 {[%clk 0:06:57]} 31. Rc2
{[%clk 0:05:10]} Rb4 {[%clk 0:06:39]} 32. Kg2 {[%clk 0:05:11]} Kg7
{[%clk 0:07:03]} 33. Re2 {[%clk 0:04:29]} Bd4 {[%clk 0:07:16]} 34. Red2
{[%clk 0:04:54]} Bb6 {[%clk 0:07:30]} 35. Rf3 {[%clk 0:05:15]} h5
{[%clk 0:06:38]} 36. Rdd3 {[%clk 0:03:30]} Ne4 {[%clk 0:06:22]} 37. Rd7
{[%clk 0:02:56]} Ng5 {[%clk 0:06:32]} 38. Rfd3 {[%clk 0:03:06]} Rb2
{[%clk 0:05:21]} 39. Rd2 {[%clk 0:03:35]} Rxd2 {[%clk 0:05:24]} 40. Rxd2
{[%clk 0:04:03]} Ne4 {[%clk 0:05:53]} 41. Re2 {[%clk 0:00:38]} Nxf2
{[%clk 0:06:20]} 42. Rb2 {[%clk 0:00:45]} Bc5 {[%clk 0:06:48]} 43. h3
{[%clk 0:00:40]} Ne4 {[%clk 0:04:21]} 44. Re2 {[%clk 0:01:04]} Ng5
{[%clk 0:03:51]} 45. Re5 {[%clk 0:00:40]} Ne6 {[%clk 0:04:19]} 46. Kf3
{[%clk 0:00:51]} Kf6 {[%clk 0:04:30]} 47. Rd5 {[%clk 0:01:18]} Bb6
{[%clk 0:04:33]} 48. Rd6 {[%clk 0:00:42]} Bc7 {[%clk 0:04:51]} 49. Rd7
{[%clk 0:00:44]} Be5 {[%clk 0:05:10]} 50. Rd3 {[%clk 0:00:41]} Ng5+
{[%clk 0:04:26]} 51. Kg2 {[%clk 0:01:03]} Kf5 {[%clk 0:04:42]} 52. Re3
{[%clk 0:01:17]} f6 {[%clk 0:04:40]} 53. Re1 {[%clk 0:00:36]} Ne4
{[%clk 0:04:42]} 54. Rf1+ {[%clk 0:00:43]} Kg5 {[%clk 0:05:00]} 0-1

[Event "27th Summer Universiade in Kazan (Men)"]
[Site "Kazan"]
[Date "2013.07.09"]
[Round "1.4"]
[White "Li, Chao B"]
[Black "Tologontegin, Semetey"]
[Result "1-0"]
[LiveChessVersion "1.4.2"]
[BlackElo "2370"]
[WhiteElo "2686"]

1. d4 {[%clk 1:30:53]} d6 {[%clk 1:30:39]} 2. c4 {[%clk 1:30:02]} g6
{[%clk 1:28:43]} 3. Nc3 {[%clk 1:29:33]} Bg7 {[%clk 1:28:44]} 4. Nf3
{[%clk 1:29:19]} Nd7 {[%clk 1:19:04]} 5. e4 {[%clk 1:27:19]} e6 {[%clk 1:15:52]}
6. Bg5 {[%clk 1:25:21]} Ne7 {[%clk 1:15:30]} 7. Qd2 {[%clk 1:25:05]} h6
{[%clk 1:15:26]} 8. Be3 {[%clk 1:23:53]} b6 {[%clk 1:12:52]} 9. h4
{[%clk 1:09:59]} Nf6 {[%clk 1:02:06]} 10. Be2 {[%clk 1:10:17]} Ng4
{[%clk 0:46:11]} 11. O-O-O {[%clk 1:04:46]} Bb7 {[%clk 0:40:34]} 12. d5
{[%clk 1:01:31]} Nxe3 {[%clk 0:39:00]} 13. Qxe3 {[%clk 1:00:01]} Qd7
{[%clk 0:33:56]} 14. h5 {[%clk 0:56:29]} O-O-O {[%clk 0:15:27]} 15. Nd4
{[%clk 0:52:52]} e5 {[%clk 0:14:01]} 16. Nc2 {[%clk 0:53:16]} f5 {[%clk 0:13:46]}
17. Qh3 {[%clk 0:51:45]} Kb8 {[%clk 0:13:33]} 18. hxg6 {[%clk 0:51:13]} Bc8
{[%clk 0:13:27]} 19. Ne3 {[%clk 0:47:08]} fxe4 {[%clk 0:11:49]} 20. Qxd7
{[%clk 0:44:53]} Bxd7 {[%clk 0:11:04]} 21. Bh5 {[%clk 0:45:17]} Rhg8
{[%clk 0:07:35]} 22. Nxe4 {[%clk 0:37:13]} Bh8 {[%clk 0:04:03]} 23. g3
{[%clk 0:29:42]} Nxg6 {[%clk 0:03:58]} 24. Bg4 {[%clk 0:29:43]} Bg7
{[%clk 0:02:47]} 25. Bxd7 {[%clk 0:28:59]} Rxd7 {[%clk 0:03:13]} 26. Nf5
{[%clk 0:28:18]} Rh8 {[%clk 0:03:29]} 27. Rh2 {[%clk 0:26:19]} Bf8
{[%clk 0:02:17]} 28. Rdh1 {[%clk 0:26:37]} Rf7 {[%clk 0:01:19]} 29. Nxh6
{[%clk 0:26:43]} Rf3 {[%clk 0:01:03]} 30. Kd2 {[%clk 0:25:22]} b5
{[%clk 0:00:39]} 31. Ke2 {[%clk 0:25:24]} Bxh6 {[%clk 0:00:41]} 32. Rxh6
{[%clk 0:24:11]} 1-0

[Event "27th Summer Universiade in Kazan (Men)"]
[Site "Kazan"]
[Date "2013.07.09"]
[Round "1.5"]
[White "Hajbok, Robert"]
[Black "Matlakov, Maxim"]
[Result "0-1"]
[LiveChessVersion "1.4.2"]
[BlackElo "2665"]
[WhiteElo "2367"]

1. e4 {[%clk 1:30:55]} c6 {[%clk 1:30:32]} 2. d4 {[%clk 1:31:18]} d5
{[%clk 1:30:55]} 3. Nc3 {[%clk 1:31:37]} dxe4 {[%clk 1:30:18]} 4. Nxe4
{[%clk 1:32:00]} Bf5 {[%clk 1:30:43]} 5. Ng3 {[%clk 1:32:17]} Bg6
{[%clk 1:31:03]} 6. Nh3 {[%clk 1:32:17]} e6 {[%clk 1:29:29]} 7. Nf4
{[%clk 1:31:50]} Nf6 {[%clk 1:28:44]} 8. h4 {[%clk 1:29:14]} Bd6 {[%clk 1:25:19]}
9. h5 {[%clk 1:27:32]} Bf5 {[%clk 1:24:07]} 10. Nxf5 {[%clk 1:22:53]} exf5
{[%clk 1:24:28]} 11. Be2 {[%clk 1:18:54]} Nbd7 {[%clk 1:16:50]} 12. Qd3
{[%clk 1:14:55]} Ne4 {[%clk 1:16:01]} 13. f3 {[%clk 0:56:28]} Qa5+
{[%clk 1:10:59]} 14. c3 {[%clk 0:56:45]} Ng3 {[%clk 1:11:22]} 15. Rh3
{[%clk 0:56:21]} Nxe2 {[%clk 1:11:43]} 16. Nxe2 {[%clk 0:55:15]} O-O
{[%clk 1:10:44]} 17. Bf4 {[%clk 0:48:54]} Bxf4 {[%clk 0:53:41]} 18. Nxf4
{[%clk 0:49:14]} Nf6 {[%clk 0:53:59]} 19. O-O-O {[%clk 0:42:45]} Qxa2
{[%clk 0:52:59]} 20. Qxf5 {[%clk 0:42:06]} h6 {[%clk 0:53:23]} 21. g4
{[%clk 0:36:59]} Nh7 {[%clk 0:51:20]} 22. Rhh1 {[%clk 0:35:00]} a5
{[%clk 0:46:27]} 23. Rhe1 {[%clk 0:27:22]} a4 {[%clk 0:43:40]} 24. Qb1
{[%clk 0:24:19]} Qb3 {[%clk 0:43:37]} 25. Qc2 {[%clk 0:24:39]} Qb6
{[%clk 0:43:33]} 26. Kb1 {[%clk 0:24:41]} Ng5 {[%clk 0:22:35]} 27. Re3
{[%clk 0:22:33]} Qc7 {[%clk 0:21:00]} 28. Nd3 {[%clk 0:21:57]} a3
{[%clk 0:17:16]} 29. b3 {[%clk 0:21:56]} a2+ {[%clk 0:16:59]} 30. Ka1
{[%clk 0:21:22]} Rfe8 {[%clk 0:17:22]} 31. Rde1 {[%clk 0:19:58]} Rxe3
{[%clk 0:16:14]} 32. Rxe3 {[%clk 0:20:23]} Qg3 {[%clk 0:16:35]} 33. Qf2
{[%clk 0:19:10]} Qd6 {[%clk 0:16:54]} 34. Re2 {[%clk 0:13:13]} Qd5
{[%clk 0:15:46]} 35. Rxa2 {[%clk 0:12:04]} Re8 {[%clk 0:16:00]} 36. f4
{[%clk 0:06:43]} Qh1+ {[%clk 0:10:06]} 37. Kb2 {[%clk 0:07:06]} Ne4
{[%clk 0:09:41]} 38. Qc2 {[%clk 0:05:23]} Qf3 {[%clk 0:09:01]} 39. Ra1
{[%clk 0:03:19]} Nd6 {[%clk 0:07:08]} 40. Ne5 {[%clk 0:02:13]} Qxf4
{[%clk 0:07:33]} 41. Qg2 {[%clk 0:01:50]} f6 {[%clk 0:06:44]} 42. Rf1
{[%clk 0:02:00]} Qe3 {[%clk 0:06:18]} 43. Nc4 {[%clk 0:00:50]} Qd3
{[%clk 0:05:35]} 44. Rf2 {[%clk 0:00:34]} Nxc4+ {[%clk 0:05:11]} 45. bxc4
{[%clk 0:01:03]} Qxc4 {[%clk 0:05:31]} 46. Qf3 {[%clk 0:01:06]} Ra8
{[%clk 0:05:06]} 47. Rc2 {[%clk 0:01:31]} Qb5+ {[%clk 0:04:45]} 48. Kc1
{[%clk 0:01:56]} Ra1+ {[%clk 0:04:47]} 49. Kd2 {[%clk 0:02:21]} Rg1
{[%clk 0:03:06]} 50. Qe4 {[%clk 0:01:04]} Qg5+ {[%clk 0:03:23]} 51. Kd3
{[%clk 0:01:29]} Rg3+ {[%clk 0:03:42]} 0-1

[Event "27th Summer Universiade in Kazan (Men)"]
[Site "Kazan"]
[Date "2013.07.09"]
[Round "1.6"]
[White "Yu, Yangyi"]
[Black "Pham, Chuong"]
[Result "1-0"]
[LiveChessVersion "1.4.2"]
[BlackElo "2365"]
[WhiteElo "2657"]

1. e4 {[%clk 1:30:56]} c5 {[%clk 1:29:49]} 2. Nf3 {[%clk 1:31:16]} d6
{[%clk 1:29:11]} 3. d4 {[%clk 1:31:35]} cxd4 {[%clk 1:28:31]} 4. Nxd4
{[%clk 1:31:54]} Nf6 {[%clk 1:28:28]} 5. Nc3 {[%clk 1:32:15]} g6 {[%clk 1:25:54]}
6. Be3 {[%clk 1:32:35]} Bg7 {[%clk 1:26:06]} 7. f3 {[%clk 1:33:00]} Nc6
{[%clk 1:25:27]} 8. Qd2 {[%clk 1:33:19]} O-O {[%clk 1:24:37]} 9. O-O-O
{[%clk 1:33:10]} d5 {[%clk 1:21:06]} 10. Qe1 {[%clk 1:32:37]} e5 {[%clk 1:16:50]}
11. Nxc6 bxc6 {[%clk 1:16:52]} 12. exd5 {[%clk 1:33:24]} cxd5 {[%clk 1:09:10]}
13. Bg5 {[%clk 1:30:53]} Be6 {[%clk 0:57:13]} 14. Bc4 {[%clk 1:30:50]} Qc7
{[%clk 0:52:54]} 15. Bxf6 {[%clk 1:30:52]} dxc4 {[%clk 0:46:56]} 16. Bxg7
{[%clk 1:31:04]} Kxg7 {[%clk 0:47:16]} 17. h4 {[%clk 1:30:16]} Rab8
{[%clk 0:43:05]} 18. Ne4 {[%clk 1:24:41]} f6 {[%clk 0:37:41]} 19. g4
{[%clk 1:15:33]} Rb5 {[%clk 0:27:17]} 20. h5 {[%clk 1:04:30]} g5 {[%clk 0:25:08]}
21. h6+ {[%clk 1:04:13]} Kg8 {[%clk 0:25:16]} 22. Rd6 {[%clk 1:03:56]} Rb6
{[%clk 0:20:25]} 23. Qa5 {[%clk 1:03:58]} Kf7 {[%clk 0:20:02]} 24. Rhd1
{[%clk 1:03:34]} Rc6 {[%clk 0:10:54]} 25. Nxg5+ {[%clk 1:02:28]} fxg5
{[%clk 0:08:09]} 26. Qxe5 {[%clk 1:02:50]} Qc8 {[%clk 0:04:19]} 27. Qg7+
{[%clk 1:02:58]} Ke8 {[%clk 0:04:34]} 28. Rd8+ {[%clk 1:03:13]} 1-0

[Event "27th Summer Universiade in Kazan (Men)"]
[Site "Kazan"]
[Date "2013.07.09"]
[Round "1.8"]
[White "Sjugirov, Sanan"]
[Black "Stanciu, Alexandru-Ovidiu"]
[Result "1-0"]
[LiveChessVersion "1.4.2"]
[BlackElo "2346"]
[WhiteElo "2647"]

1. d4 {[%clk 1:30:48]} Nf6 {[%clk 1:30:50]} 2. c4 {[%clk 1:31:02]} c5
{[%clk 1:30:50]} 3. d5 {[%clk 1:29:58]} e6 {[%clk 1:30:54]} 4. Nc3
{[%clk 1:29:42]} exd5 {[%clk 1:31:12]} 5. cxd5 {[%clk 1:30:04]} d6
{[%clk 1:31:38]} 6. Nf3 {[%clk 1:30:03]} g6 {[%clk 1:31:57]} 7. Bf4
{[%clk 1:29:02]} a6 {[%clk 1:31:16]} 8. a4 {[%clk 1:28:59]} Bg7 {[%clk 1:31:38]}
9. e3 {[%clk 1:27:50]} O-O {[%clk 1:31:52]} 10. h3 {[%clk 1:27:47]} Re8
{[%clk 1:31:11]} 11. Nd2 {[%clk 1:24:49]} Nbd7 {[%clk 1:29:40]} 12. Be2
{[%clk 1:17:08]} Ne5 {[%clk 1:27:02]} 13. O-O {[%clk 1:16:00]} Nfd7
{[%clk 1:23:37]} 14. Bg3 {[%clk 1:05:10]} f5 {[%clk 1:23:57]} 15. Qc2
{[%clk 1:00:38]} b6 {[%clk 1:19:35]} 16. f4 {[%clk 0:44:38]} Nf7 {[%clk 1:19:44]}
17. e4 {[%clk 0:45:02]} Nf6 {[%clk 0:51:03]} 18. Bh4 {[%clk 0:44:14]} Qc7
{[%clk 0:39:39]} 19. Bf3 {[%clk 0:35:29]} Rb8 {[%clk 0:38:07]} 20. Rae1
{[%clk 0:23:30]} Bd7 {[%clk 0:34:41]} 21. exf5 {[%clk 0:21:38]} gxf5
{[%clk 0:34:33]} 22. Ne2 {[%clk 0:19:47]} Qc8 {[%clk 0:29:07]} 23. Ng3
{[%clk 0:19:17]} b5 {[%clk 0:26:22]} 24. axb5 {[%clk 0:19:01]} axb5
{[%clk 0:25:15]} 25. Rxe8+ {[%clk 0:18:30]} Nxe8 {[%clk 0:25:40]} 26. b3
{[%clk 0:16:11]} c4 {[%clk 0:08:54]} 27. bxc4 {[%clk 0:16:30]} bxc4
{[%clk 0:09:18]} 28. Qxc4 {[%clk 0:16:17]} Qxc4 {[%clk 0:06:03]} 29. Nxc4
{[%clk 0:16:31]} Rb4 {[%clk 0:06:26]} 30. Rc1 {[%clk 0:15:42]} Nh8
{[%clk 0:04:37]} 31. Nh5 {[%clk 0:15:20]} Bd4+ {[%clk 0:03:42]} 32. Bf2
{[%clk 0:14:00]} Bxf2+ {[%clk 0:04:02]} 33. Kxf2 {[%clk 0:14:27]} Ng6
{[%clk 0:03:46]} 34. Kg3 {[%clk 0:13:42]} Kf7 {[%clk 0:03:45]} 35. Rc3
{[%clk 0:13:42]} Bb5 {[%clk 0:03:04]} 36. Ne3 {[%clk 0:12:39]} Bd7
{[%clk 0:03:29]} 37. Ra3 {[%clk 0:11:11]} Rb7 {[%clk 0:03:32]} 38. Be2
{[%clk 0:09:01]} Ne7 {[%clk 0:03:17]} 39. Kh2 {[%clk 0:07:32]} Rb4
{[%clk 0:03:24]} 40. Ra7 {[%clk 0:06:45]} Re4 {[%clk 0:03:11]} 41. Ng3
{[%clk 0:05:04]} Rxe3 {[%clk 0:03:31]} 42. Bh5+ {[%clk 0:05:06]} Kf8
{[%clk 0:02:46]} 43. Rxd7 {[%clk 0:05:32]} Nf6 {[%clk 0:00:38]} 44. Rxd6
{[%clk 0:05:07]} Kg7 {[%clk 0:00:34]} 45. Bf3 {[%clk 0:04:55]} Rd3
{[%clk 0:00:55]} 46. Re6 {[%clk 0:04:12]} Nexd5 {[%clk 0:00:33]} 47. Nxf5+
{[%clk 0:03:26]} Kf7 {[%clk 0:00:59]} 48. Bxd5 {[%clk 0:03:20]} Rxd5
{[%clk 0:00:34]} 49. Re7+ {[%clk 0:03:36]} Kf8 {[%clk 0:00:49]} 50. Re5
{[%clk 0:04:02]} Rxe5 {[%clk 0:01:00]} 51. fxe5 {[%clk 0:04:27]} Nd7
{[%clk 0:01:19]} 52. e6 {[%clk 0:04:31]} Nc5 {[%clk 0:01:24]} 53. e7+
{[%clk 0:04:41]} Ke8 {[%clk 0:01:39]} 54. Kg3 {[%clk 0:04:35]} Nd3
{[%clk 0:00:35]} 55. Kg4 {[%clk 0:04:01]} 1-0

[Event "27th Summer Universiade in Kazan (Men)"]
[Site "Kazan"]
[Date "2013.07.09"]
[Round "1.12"]
[White "Ma, Qun"]
[Black "Nanjo, Ryosuke"]
[Result "1-0"]
[LiveChessVersion "1.4.2"]
[BlackElo "2299"]
[WhiteElo "2584"]

1. e4 {[%clk 1:30:51]} e5 {[%clk 1:30:56]} 2. Nf3 {[%clk 1:30:49]} Nc6
{[%clk 1:31:21]} 3. Bb5 {[%clk 1:30:56]} Nf6 {[%clk 1:31:44]} 4. d3
{[%clk 1:31:20]} Bc5 {[%clk 1:32:01]} 5. c3 {[%clk 1:31:36]} O-O {[%clk 1:31:09]}
6. Nbd2 {[%clk 1:30:28]} Re8 {[%clk 1:27:06]} 7. O-O {[%clk 1:30:41]} a6
{[%clk 1:26:58]} 8. Ba4 {[%clk 1:28:57]} Ba7 {[%clk 1:24:58]} 9. Re1
{[%clk 1:27:33]} d6 {[%clk 1:21:49]} 10. Nf1 {[%clk 1:27:28]} b5 {[%clk 1:18:01]}
11. Bb3 {[%clk 1:27:39]} Be6 {[%clk 1:17:19]} 12. Ng3 {[%clk 1:25:13]} Ne7
{[%clk 1:12:34]} 13. Nh4 {[%clk 1:16:27]} Nd7 {[%clk 0:53:36]} 14. Bc2
{[%clk 1:06:58]} c5 {[%clk 0:50:26]} 15. Qf3 {[%clk 1:03:39]} Nf8
{[%clk 0:47:42]} 16. Nhf5 {[%clk 1:00:14]} Nxf5 {[%clk 0:45:54]} 17. exf5
{[%clk 0:59:46]} Bd7 {[%clk 0:46:12]} 18. Nh5 {[%clk 0:59:20]} f6
{[%clk 0:44:18]} 19. Bb3+ {[%clk 0:54:56]} Kh8 {[%clk 0:44:28]} 20. Qg3
{[%clk 0:52:21]} g5 {[%clk 0:43:10]} 21. Nxf6 {[%clk 0:50:57]} 1-0

[Event "27th Summer Universiade in Kazan (Men)"]
[Site "Kazan"]
[Date "2013.07.09"]
[Round "1.13"]
[White "Schaerer, Julian"]
[Black "Onischuk, Vladimir"]
[Result "0-1"]
[LiveChessVersion "1.4.2"]
[BlackElo "2576"]
[WhiteElo "2294"]

1. e4 {[%clk 1:30:56]} d6 {[%clk 1:30:48]} 2. d4 {[%clk 1:31:18]} g6
{[%clk 1:31:05]} 3. Nc3 {[%clk 1:30:53]} Nf6 {[%clk 1:30:45]} 4. Be3
{[%clk 1:30:39]} c6 {[%clk 1:31:06]} 5. f3 {[%clk 1:30:18]} b5 {[%clk 1:31:12]}
6. Qd2 {[%clk 1:29:39]} Qc7 {[%clk 1:30:58]} 7. h4 {[%clk 1:24:22]} h5
{[%clk 1:24:16]} 8. Bd3 {[%clk 1:21:53]} Bg7 {[%clk 1:20:13]} 9. Nce2
{[%clk 1:15:08]} a5 {[%clk 1:11:34]} 10. c3 a4 {[%clk 1:08:54]} 11. Kf2
{[%clk 1:03:31]} Nbd7 {[%clk 1:02:22]} 12. Nh3 {[%clk 0:48:48]} e5
{[%clk 1:01:26]} 13. dxe5 {[%clk 0:33:24]} Nxe5 {[%clk 1:01:29]} 14. Nhf4
{[%clk 0:33:17]} O-O {[%clk 1:00:57]} 15. Rhd1 {[%clk 0:23:38]} Re8
{[%clk 0:57:05]} 16. Kg1 {[%clk 0:22:03]} Ba6 {[%clk 0:48:53]} 17. b3
{[%clk 0:16:39]} Rad8 {[%clk 0:47:33]} 18. b4 {[%clk 0:08:31]} c5
{[%clk 0:42:26]} 19. Qe1 {[%clk 0:06:03]} cxb4 {[%clk 0:35:30]} 20. cxb4
{[%clk 0:06:16]} d5 {[%clk 0:35:55]} 21. Rac1 {[%clk 0:05:48]} Qb7
{[%clk 0:35:01]} 22. exd5 {[%clk 0:05:45]} Nxf3+ {[%clk 0:34:44]} 23. gxf3
{[%clk 0:06:12]} Rxe3 {[%clk 0:35:08]} 24. Qf2 {[%clk 0:06:19]} Qe7
{[%clk 0:33:35]} 25. Be4 {[%clk 0:03:42]} Ng4 {[%clk 0:27:22]} 26. fxg4
{[%clk 0:03:57]} Qxe4 {[%clk 0:27:40]} 27. Rc7 {[%clk 0:02:41]} Rf3
{[%clk 0:27:20]} 28. Qb6 {[%clk 0:01:33]} Rxf4 {[%clk 0:26:51]} 29. Nxf4
{[%clk 0:00:56]} Qxf4 {[%clk 0:27:03]} 30. Rc2 {[%clk 0:00:33]} Qxg4+
{[%clk 0:27:16]} 31. Kf2 {[%clk 0:00:48]} Qxh4+ {[%clk 0:26:50]} 32. Kf3
{[%clk 0:00:49]} Re8 {[%clk 0:26:41]} 33. Qxa6 {[%clk 0:01:01]} Qe4+
{[%clk 0:26:58]} 0-1